[Event "HCL-B118"]
[Site "www.playchess.de"]
[Date "2001.02.02"]
[Round "2"]
[White "Gross"]
[Black "sarek"]
[WhiteElo "1500"]
[BlackElo "916"]
[PlyCount "59"]
[Result "1-0"]

1.d4 e6 2.e4 d5 3.e5 c5 4.c3 Qb6 5.Nf3 Nc6 6.Bd3 
Nge7 7.O-O cxd4 8.cxd4 Nf5 9.Bxf5 exf5 10.Nc3 Be6 
11.a3 Be7 12.b4 h6 13.Bb2 g5 14.Qd3 g4 15.Na4 Qc7 
16.Nd2 h5 17.Nb3 b6 18.Rac1 Qb7 19.Qb5 Rc8 20.Nbc5 
Bxc5 21.Nxc5 Qc7 22.Nd3 Bd7 23.Qxd5 Be6 24.Qb5 Qb7 
25.d5 a6 26.dxc6 axb5 27.cxb7 Rb8 28.Nf4 Rxb7 
29.Nxe6 fxe6 30.Rc8+ 1-0

[Event "HCL-B121"]
[Site "www.playchess.de"]
[Date "2001.02.02"]
[Round "3"]
[White "Gorodish"]
[Black "Eyechess"]
[WhiteElo "1675"]
[BlackElo "1500"]
[PlyCount "61"]
[Result "1-0"]

1.b3 Nf6 2.Bb2 g6 3.Bxf6 exf6 4.e4 Bg7 5.d4 O-O 
6.c3 d5 7.exd5 Qxd5 8.Qf3 Re8+ 9.Be2 Qe6 10.Nd2 
Bh6 11.O-O-O a5 12.Bc4 Qd6 13.Kb2 a4 14.Ne4 Rxe4 
15.Qxe4 Qf8 16.b4 Nc6 17.a3 Bf5 18.Qh4 Bg5 19.Qg3 
Qc8 20.h4 Bh6 21.h5 Bg7 22.hxg6 hxg6 23.Nf3 Bg4 
24.Rh4 f5 25.Rdh1 b5 26.Qh2 Kf8 27.Rh8+ Bxh8 
28.Qxh8+ Ke7 29.Re1+ Kd6 30.Qf6+ Kd7 
31.Qxf7+ 1-0

[Event "HCL-B121"]
[Site "www.playchess.de"]
[Date "2001.02.02"]
[Round "9"]
[White "Riza"]
[Black "Eyechess"]
[WhiteElo "1307"]
[BlackElo "1500"]
[PlyCount "49"]
[Result "1-0"]

1.e4 e6 2.d4 d5 3.Nc3 dxe4 4.Nxe4 Nd7 5.Nf3 Ngf6 
6.Ng3 c5 7.Be2 Be7 8.dxc5 Bxc5 9.O-O O-O 10.c4 b6 
11.a3 Bb7 12.b4 Be7 13.Qc2 Bxf3 14.Bxf3 Rc8 15.Bf4 
Nd5 16.Bxd5 exd5 17.Qf5 dxc4 18.Rfd1 Bf6 19.Rxd7 
Qe8 20.Rad1 c3 21.Ne4 c2 22.Nxf6+ gxf6 23.Rc1 Qe2 
24.Rd2 Qxd2 25.Bxd2 1-0

[Event "HCL-B126"]
[Site "www.playchess.de"]
[Date "2001.02.02"]
[Round "26"]
[White "plobi"]
[Black "sarek"]
[WhiteElo "1087"]
[BlackElo "916"]
[PlyCount "29"]
[Result "1-0"]

1.d4 e6 2.c4 Nf6 3.Nc3 Bb4 4.Nf3 d5 5.cxd5 exd5 
6.Qa4+ Nc6 7.e3 Bxc3+ 8.bxc3 Bd7 9.Ba3 Ne5 10.Qd1 
Nxf3+ 11.Qxf3 Bg4 12.Qg3 g6 13.Rb1 b6 14.Bb5+ 
{sorry that I took so long time ...}  Bd7 {no 
problem...}  15.Qe5+ 1-0

[Event "HCL-B127"]
[Site "www.playchess.de"]
[Date "2001.02.02"]
[Round "5"]
[White "Stephen21"]
[Black "CJL"]
[WhiteElo "1233"]
[BlackElo "1502"]
[PlyCount "52"]
[Result "0-1"]

1.Nf3 d5 2.d4 Nf6 3.Nc3 e6 4.e3 Bb4 5.Bd2 c5 6.a3 
Bxc3 7.Bxc3 c4 8.b3 cxb3 9.cxb3 Nc6 10.Bb5 Bd7 
11.Bb4 Nxb4 12.Bxd7+ Qxd7 13.axb4 Qb5 14.Ne5 Qxb4+ 
15.Ke2 Ne4 16.Re1 Nc3+ 17.Kf3 Nxd1 18.Rexd1 O-O 
19.g3 Rfc8 20.Nd3 Qb5 21.Nc5 b6 22.Na4 Rc2 23.Rac1 
Qe2+ 24.Kf4 Qxf2+ 25.Kg4 Qf5+ 26.Kh4 Rxh2+ {Good 
game.  Thanks for playing.}  0-1

[Event "HCL-B128"]
[Site "www.playchess.de"]
[Date "2001.02.02"]
[Round "4"]
[White "the_king"]
[Black "quant"]
[WhiteElo "922"]
[BlackElo "1200"]
[PlyCount "30"]
[Result "0-1"]

1.c4 e5 2.a3 Nf6 3.Nc3 Nc6 4.d3 d5 5.cxd5 Nxd5 
6.Nxd5 Qxd5 7.e4 Qd8 8.Nf3 Bg4 9.g3 Qf6 10.Bg2 Nd4 
11.Qa4+ b5 12.Qa5 Bxf3 13.O-O Bxg2 14.Kxg2 Qf3+ 
15.Kg1 Ne2+ 0-1

[Event "HCL-B130"]
[Site "www.playchess.de"]
[Date "2001.02.02"]
[Round "7"]
[White "player27"]
[Black "raichu"]
[WhiteElo "1567"]
[BlackElo "1500"]
[PlyCount "37"]
[Result "1/2-1/2"]

1.e4 e5 2.Nf3 Nc6 3.Bb5 a6 4.Bxc6 dxc6 5.O-O Bg4 
6.h3 Bh5 7.d3 Bd6 8.Be3 Ne7 9.Nbd2 O-O 10.a4 f6 
11.Qe2 Bf7 12.d4 Ng6 13.c3 Re8 14.Rad1 Qe7 15.dxe5 
Nxe5 16.Nd4 Bg6 17.f3 Rad8 18.Nc2 Bf7 
19.Nd4 1/2-1/2

[Event "HCL-B131"]
[Site "www.playchess.de"]
[Date "2001.02.02"]
[Round "36"]
[White "tuzlak"]
[Black "Denzil"]
[WhiteElo "700"]
[BlackElo "1200"]
[PlyCount "44"]
[Result "0-1"]

1.e4 c5 2.Nc3 Nc6 3.Nf3 d6 4.b3 a6 5.a4 Nf6 6.Bc4 
e6 7.Bb2 d5 8.exd5 exd5 9.Qe2+ Be7 10.Bd3 O-O 
11.Ne5 Nxe5 12.Qxe5 Re8 13.O-O Bd6 14.Qg5 Bxh2+ 
15.Kh1 Re5 16.Qh4 Rh5 17.Qxh5 Nxh5 18.Kxh2 Nf4 
19.Be2 Qh4+ 20.Kg1 Bh3 21.Bf3 Bxg2 22.Bxg2 
Qg4 0-1

[Event "HCL-C037"]
[Site "www.playchess.de"]
[Date "2001.02.02"]
[Round "5"]
[White "Spiridonas"]
[Black "zarconeus"]
[WhiteElo "1623"]
[BlackElo "1200"]
[PlyCount "65"]
[Result "1-0"]

1.b3 d5 2.Bb2 c5 3.g3 Nc6 4.Bg2 e5 5.e3 Nf6 6.Ne2 
g6 7.d3 Bg7 8.Nd2 h5 9.f4 Ng4 10.Nf1 O-O 11.h3 Nh6 
12.Qd2 b5 13.Nc3 exf4 14.gxf4 Bb7 15.Bxd5 b4 16.e4 
bxc3 17.Bxc3 Qh4+ 18.Kd1 Bxc3 19.Qxc3 Qxf4 20.Rg1 
Qf3+ 21.Kc1 Nd4 22.Kb2 Bxd5 23.exd5 Ne2 24.Qd2 
Nxg1 25.Qxh6 Qf6+ 26.c3 Rfe8 27.Nd2 Nf3 28.Ne4 
Rxe4 29.dxe4 Ng5 30.Re1 Qf2+ 31.Ka3 Qxe1 32.Qxg5 
Qxc3 33.e5 1-0

[Event "HCL-C083"]
[Site "www.playchess.de"]
[Date "2001.02.02"]
[Round "26"]
[White "comitnt014"]
[Black "Holger"]
[WhiteElo "998"]
[BlackElo "1000"]
[PlyCount "70"]
[Result "0-1"]

1.e4 e5 2.d4 exd4 3.Qxd4 Nc6 4.Qd3 Bc5 5.f3 Nf6 
6.Ne2 O-O 7.g3 d5 8.Bg5 Be7 9.Nf4 dxe4 10.Qxd8 
Rxd8 11.fxe4 Nxe4 12.Bxe7 Nxe7 13.Bg2 Bf5 14.O-O 
c6 15.Re1 Ng6 16.Nxg6 Bxg6 17.Bxe4 Rde8 18.Nc3 
Bxe4 19.Rxe4 Red8 20.Re7 Rab8 21.Rae1 Rdf8 22.Ne4 
a6 23.Nd6 b5 24.Nb7 h6 25.Nc5 Rba8 26.Rc7 Rad8 
27.Nxa6 Rd2 28.Rxc6 Rfd8 29.c4 bxc4 30.Rxc4 Rxb2 
31.a4 Rdd2 32.Rf4 Rdxh2 33.Re7 Rbg2+ 34.Kf1 Rga2 
35.Nc5 Rh1+ 0-1

[Event "HCL-C090"]
[Site "www.playchess.de"]
[Date "2001.02.02"]
[Round "14"]
[White "mbshier"]
[Black "de_Leon"]
[WhiteElo "1000"]
[BlackElo "1000"]
[PlyCount "33"]
[Result "1-0"]

1.Nf3 d5 2.d4 Nf6 3.e3 g6 4.Bd3 c5 5.c3 e6 6.Nbd2 
c4 7.Bc2 Bd6 8.O-O Nbd7 9.e4 Nxe4 10.Nxe4 dxe4 
11.Bxe4 O-O 12.Re1 Nb6 13.Ne5 f6 14.Nf3 Qc7 15.Bh6 
Re8 16.Qb1 Qf7 17.a4 1-0

[Event "HCL-C117"]
[Site "www.playchess.de"]
[Date "2001.02.02"]
[Round "4"]
[White "nikk"]
[Black "Wesley"]
[WhiteElo "1118"]
[BlackElo "1000"]
[PlyCount "21"]
[Result "1-0"]

1.e4 Nf6 2.e5 Nd5 3.d4 c6 4.Nf3 e6 5.c4 Qa5+ 6.Bd2 
Qb6 7.cxd5 cxd5 8.Nc3 Qxb2 9.Rb1 Qa3 10.Nb5 Kd8 
11.Nxa3 1-0

[Event "HCL-C118"]
[Site "www.playchess.de"]
[Date "2001.02.02"]
[Round "7"]
[White "janus"]
[Black "JensAnd"]
[WhiteElo "1000"]
[BlackElo "1317"]
[PlyCount "55"]
[Result "1-0"]

1.e4 e5 2.f4 exf4 3.Nf3 Be7 4.Bc4 Nf6 5.d3 d5 
6.exd5 O-O 7.Bxf4 b5 8.Bxb5 Nxd5 9.Be5 Nd7 10.Bc6 
Nxe5 11.Nxe5 Rb8 12.Nc4 Bf6 13.c3 Nb6 14.Nca3 Qd6 
15.Be4 Re8 16.Qh5 Rxe4+ 17.dxe4 Na4 18.Nc4 Qd3 
19.Qe2 Qd7 20.e5 Ba6 {Hi again!}  21.b3 Nc5 22.O-O 
{It´s nice to meet you again for our game !!}  Re8 
23.Nbd2 Nd3 24.Rxf6 gxf6 25.Ne4 Qf5 26.Qxd3 Kh8 
27.Rf1 Bxc4 28.bxc4 1-0

[Event "HCL-C122"]
[Site "www.playchess.de"]
[Date "2001.02.02"]
[Round "3"]
[White "hammodi"]
[Black "mbshier"]
[WhiteElo "800"]
[BlackElo "1465"]
[PlyCount "40"]
[Result "1/2-1/2"]

1.d4 Nf6 2.c4 e6 3.Nf3 b6 4.a3 Bb7 5.Nc3 Be7 6.e3 
O-O 7.Be2 d5 8.O-O c5 9.b3 Nbd7 10.Bb2 Rc8 11.Rc1 
h6 12.h3 Nb8 13.Ne5 Nc6 14.Bf3 cxd4 15.exd4 dxc4 
16.bxc4 Na5 17.Bxb7 Nxb7 18.Qf3 Na5 19.Rfd1 Nxc4 
20.Nxc4 Rxc4 1/2-1/2

[Event "HCL-C126"]
[Site "www.playchess.de"]
[Date "2001.02.02"]
[Round "8"]
[White "waxneedles"]
[Black "king"]
[WhiteElo "733"]
[BlackElo "1000"]
[PlyCount "73"]
[Result "1-0"]

1.e4 e5 2.Nf3 Nc6 3.Bb5 Nd4 4.Nxd4 exd4 5.O-O Nf6 
6.d3 c6 7.Ba4 b5 8.Bb3 d5 9.Bg5 Bg4 10.f3 Bd7 
11.exd5 c5 12.Qe2+ Qe7 13.Re1 Qxe2 14.Rxe2+ Be7 
15.d6 h6 16.Bxf6 gxf6 17.Rxe7+ Kd8 18.Bxf7 Rb8 
19.c3 Rb6 20.Nd2 Rxd6 21.Rae1 dxc3 22.bxc3 Rxd3 
23.Nb3 c4 24.Nc5 a5 25.Nxd3 cxd3 26.R7e3 Rf8 
27.Bg6 d2 28.Rd1 Rg8 29.Be4 f5 30.Bc2 f4 31.Rd3 b4 
32.cxb4 axb4 33.R1xd2 Rg5 34.R3xd7+ Ke8 35.Rb7 h5 
36.Rxb4 Re5 37.Re4 1-0

[Event "HCL-C129"]
[Site "www.playchess.de"]
[Date "2001.02.02"]
[Round "1"]
[White "babycakes"]
[Black "TRIPLE_H"]
[WhiteElo "663"]
[BlackElo "199"]
[PlyCount "52"]
[Result "0-1"]

1.e4 e5 2.Nf3 Bd6 3.d4 exd4 4.Qxd4 Nf6 5.e5 Be7 
6.exf6 Bxf6 7.Qd1 O-O 8.h4 Nc6 9.Bg5 h6 10.Qd3 
Qe8+ 11.Be3 Bxb2 12.Nc3 Bxa1 13.Kd2 Nb4 14.Qc4 a5 
15.Bc5 d6 16.Bxb4 axb4 17.Qxb4 c5 18.Qb5 Qxb5 
19.Bxb5 Bxc3+ 20.Kxc3 Rxa2 21.Rd1 Rd8 22.Ne5 Bf5 
23.Nxf7 Kxf7 24.Bc4+ Be6 {nice move}  25.Bxa2 {Not 
nice enough, though}  Bxa2 {are you kidding}  
26.Rd3 {I am still well down}  b5 {yeah} 
 0-1

[Event "HCL-C129"]
[Site "www.playchess.de"]
[Date "2001.02.02"]
[Round "11"]
[White "babycakes"]
[Black "waxneedles"]
[WhiteElo "663"]
[BlackElo "816"]
[PlyCount "37"]
[Result "1-0"]

1.e4 c5 2.Nf3 Nc6 3.Bb5 Qb6 4.Nc3 Nd4 5.Nxd4 cxd4 
6.Nd5 Qa5 7.b4 Qd8 8.O-O e6 9.Nf4 Bxb4 10.Qg4 Nf6 
11.Qxg7 Rg8 12.Qh6 Nxe4 13.Nh5 Bc3 14.dxc3 Nxc3 
15.Nf6+ Ke7 16.Nxg8+ Qxg8 17.Bg5+ f6 18.Qxf6+ Kd6 
19.Qe7+ 1-0

[Event "HCL-C148"]
[Site "www.playchess.de"]
[Date "2001.02.02"]
[Round "6"]
[White "whoopingfunst"]
[Black "babycakes"]
[WhiteElo "700"]
[BlackElo "661"]
[PlyCount "63"]
[Result "1-0"]

1.e4 d5 2.exd5 Nf6 3.c4 c6 4.dxc6 Nxc6 5.Nf3 Bg4 
6.h3 Bxf3 7.Qxf3 Nd4 8.Qd3 e5 9.Nc3 Qb6 10.a3 Bc5 
11.b4 O-O-O 12.bxc5 Qxc5 13.Na4 Qa5 14.Nb2 e4 
15.Qc3 Qxc3 16.dxc3 Nc2+ 17.Ke2 Nxa1 18.Bg5 Nb3 
19.Ke3 Nd2 20.Be2 h6 21.Bxf6 gxf6 22.Rd1 Nb3 
23.Bg4+ Kb8 24.Kxe4 Rhe8+ 25.Kf3 Nd4+ 26.cxd4 a6 
27.Na4 Re7 28.Nb6 Rd6 29.c5 Rc6 30.d5 Rxc5 31.Nd7+ 
Rxd7 32.Bxd7 1-0

[Event "HCL-C148"]
[Site "www.playchess.de"]
[Date "2001.02.02"]
[Round "7"]
[White "RED_CHICKEN"]
[Black "Translightor"]
[WhiteElo "800"]
[BlackElo "980"]
[PlyCount "22"]
[Result "0-1"]

1.e4 e5 2.Nf3 Nc6 3.Bc4 Nf6 4.Ng5 d5 5.exd5 Na5 
6.Bb5+ c6 7.dxc6 bxc6 8.Ba4 Bc5 9.Nc3 O-O 10.a3 
Qd4 11.b4 Qxf2+ 0-1

[Event "HCL-C148"]
[Site "www.playchess.de"]
[Date "2001.02.02"]
[Round "9"]
[White "RED_CHICKEN"]
[Black "whoopingfunst"]
[WhiteElo "800"]
[BlackElo "700"]
[PlyCount "23"]
[Result "1-0"]

1.e4 c5 2.Bc4 Nc6 3.Nf3 Nf6 4.e5 Ng4 5.d4 cxd4 
6.Ng5 Ncxe5 7.Nxf7 Nxf7 8.Bxf7+ Kxf7 9.Qxg4 d5 
10.Qf3+ Bf5 11.Qxf5+ Kg8 12.Qe6+ 1-0

[Event "HCL-E008"]
[Site "www.playchess.de"]
[Date "2001.02.02"]
[Round "9"]
[White "dogrib"]
[Black "Pete"]
[WhiteElo "2100"]
[BlackElo "2103"]
[PlyCount "32"]
[Result "0-1"]

1.e4 c6 2.d4 d5 3.Nd2 dxe4 4.Nxe4 Bf5 5.Ng3 Bg6 
6.h4 h6 7.h5 Bh7 8.Nf3 Nd7 9.Bd3 Bxd3 10.Qxd3 e6 
11.Bf4 Bb4+ 12.c3 Be7 13.O-O Ngf6 14.c4 Qa5 15.a3 
O-O 16.Rfe1 Rfe8 0-1

[Event "HCL-E010"]
[Site "www.playchess.de"]
[Date "2001.02.02"]
[Round "11"]
[White "peze2"]
[Black "KARFOPOULOS"]
[WhiteElo "2000"]
[BlackElo "2000"]
[PlyCount "87"]
[Result "1-0"]

1.c4 Nf6 2.Nc3 g6 3.d4 Bg7 4.e4 d6 5.Nf3 O-O 6.Be2 
e5 7.O-O Nc6 8.d5 Ne7 9.Ne1 Nd7 10.Be3 f5 11.f3 f4 
12.Bf2 g5 13.a4 Ng6 14.a5 Kh8 15.Nb5 Nf6 16.Nxa7 
Bd7 17.b4 g4 18.Nb5 h5 19.Nc3 Rf7 20.c5 Bf8 21.Nd3 
gxf3 22.Bxf3 Ng4 23.c6 bxc6 24.dxc6 Be6 25.b5 Nh4 
26.Bxg4 hxg4 27.Nxe5 Rg7 28.Nd7 Nf3+ 29.gxf3 gxf3+ 
30.Kh1 Bh3 31.Qxf3 Bg2+ 32.Qxg2 Rxg2 33.Kxg2 Bg7 
34.Nd5 Qg5+ 35.Kh1 Qh5 36.N7f6 Qf3+ 37.Kg1 Rg8 
38.Bg3 Qd3 39.Rad1 Qxb5 40.Nxg8 fxg3 41.Nge7 gxh2+ 
42.Kh1 Qa4 43.Rde1 Qxa5 44.Re2 1-0

[Event "HCL-E017"]
[Site "www.playchess.de"]
[Date "2001.02.02"]
[Round "6"]
[White "Brrrr"]
[Black "badnews"]
[WhiteElo "1806"]
[BlackElo "2000"]
[PlyCount "23"]
[Result "1-0"]

1.d4 Nf6 2.c4 c5 3.d5 b5 4.cxb5 a6 5.Nc3 g6 6.e4 
d6 7.bxa6 Bg7 8.Bb5+ Nbd7 9.Nf3 O-O 10.O-O Bxa6 
11.Bxa6 Rxa6 12.Qd3 1-0

[Event "HCL-E017"]
[Site "www.playchess.de"]
[Date "2001.02.02"]
[Round "10"]
[White "badnews"]
[Black "lubos"]
[WhiteElo "2000"]
[BlackElo "1920"]
[PlyCount "22"]
[Result "0-1"]

1.e4 e5 2.Nf3 Nc6 3.Bc4 Bc5 4.c3 Nf6 5.d4 exd4 
6.e5 Ne4 7.cxd4 Bb4+ 8.Nbd2 d5 9.Bb5 O-O 10.O-O 
Bd7 11.Bd3 Nxd2 0-1

[Event "HCL-M002"]
[Site "www.playchess.de"]
[Date "2001.02.02"]
[Round "12"]
[White "dpschreber"]
[Black "varelagm"]
[WhiteElo "2200"]
[BlackElo "2200"]
[PlyCount "36"]
[Result "0-1"]

1.e4 e6 2.d4 d5 3.Nc3 Nf6 4.Bg5 dxe4 5.Nxe4 Be7 
6.Bxf6 gxf6 7.Bc4 a6 8.a4 f5 9.Ng3 Rg8 10.c3 Nd7 
11.Nh3 c5 12.O-O cxd4 13.Qxd4 Qc7 14.Ba2 b6 
15.Rfe1 Bb7 16.Rad1 Nc5 17.a5 Rd8 18.Qc4 
bxa5 0-1

[Event "HCL-M005"]
[Site "www.playchess.de"]
[Date "2001.02.02"]
[Round "8"]
[White "smyslovchess"]
[Black "Bronislaw"]
[WhiteElo "2200"]
[BlackElo "2301"]
[PlyCount "46"]
[Result "0-1"]

1.e4 c5 2.Nf3 d6 3.d4 cxd4 4.Nxd4 Nf6 5.Nc3 g6 
6.Bc4 Bg7 7.Be3 O-O 8.f3 Bd7 9.Qd2 Nc6 10.Bb3 Rc8 
11.O-O-O Ne5 12.Kb1 Nc4 13.Qf2 Nxe3 14.Qxe3 Qb6 
15.Qe2 Rxc3 16.bxc3 {sorry for the delay but i 
just got the email about the site being back up}  
e5 {Welcome back!}  17.h4 {thanks good to be 
back.....i think???}  exd4 18.cxd4 d5 19.e5 {did 
you think this site would return be honest and 
thanks for the welcome}  Nh5 {I don't know.}  
20.Qf2 Bxe5 21.g4 {oooooooppppppps lost the bishop 
in my calculations}  Nf4 22.Rhe1 Bd6 23.h5 
a5 0-1

[Event "ACL-A064"]
[Site "www.playchess.de"]
[Date "2001.02.02"]
[Round "2"]
[White "Gandalf_9417"]
[Black "nadavies_uk"]
[WhiteElo "1500"]
[BlackElo "1381"]
[PlyCount "49"]
[Result "1-0"]

1.d4 d5 2.Nf3 Bg4 3.Ne5 Nf6 4.Nxg4 Nxg4 5.e4 Nf6 
6.e5 Ne4 7.f3 Nd6 8.exd6 Qxd6 9.c3 Nc6 10.Qa4 e5 
11.Bb5 exd4 12.cxd4 Qe6+ 13.Kf2 O-O-O 14.Re1 Qf6 
15.Bxc6 Qh4+ 16.Kf1 Qxh2 17.Bb5 Qh1+ 18.Kf2 Qh4+ 
19.Ke2 c6 20.Bxc6 Qe7+ 21.Kd1 Qc7 22.Bb5 Bd6 
23.Qxa7 Qb8 24.Qxb8+ Bxb8 25.Nc3 1-0

[Event "HCL-C150"]
[Site "www.playchess.de"]
[Date "2001.02.02"]
[Round "18"]
[White "soymilk"]
[Black "WindsorStar"]
[WhiteElo "1172"]
[BlackElo "1000"]
[PlyCount "113"]
[Result "1-0"]

1.Nf3 Nf6 2.d3 d5 3.g3 h6 4.Bg2 c6 5.O-O g5 6.b3 
Qd6 7.Bb2 g4 8.Nfd2 Rh7 9.e4 dxe4 10.Nxe4 Nxe4 
11.dxe4 Qxd1 12.Rxd1 h5 13.Nc3 Bg7 14.Rd3 Be6 
15.Rad1 f6 16.R3d8+ Kf7 17.Ne2 Rh8 18.Rxh8 Bxh8 
19.Nf4 Nd7 20.Nxh5 f5 21.Bxh8 Rxh8 22.Nf4 Ne5 
23.Nxe6 Kxe6 24.exf5+ Kxf5 25.a3 Rh6 26.a4 Re6 
27.Kf1 Ng6 28.Rd7 b5 29.Rxa7 bxa4 30.Rxa4 Rd6 
31.Ra5+ Kf6 32.Ke2 Re6+ 33.Kd2 Rd6+ 34.Kc1 Re6 
35.Kd1 Nf8 36.Ra6 Nd7 37.Rxc6 Ne5 38.Rxe6+ Kxe6 
39.Kd2 Kd6 40.h3 gxh3 41.Bxh3 Kc5 42.g4 Nf3+ 
43.Kc3 Ng1 44.b4+ Kb6 45.Bf1 Nf3 46.Be2 Ne5 47.g5 
e6 48.Bd3 Ng4 49.g6 Nh6 50.g7 e5 51.Bc4 e4 52.g8Q 
{%}  Nxg8 53.Bxg8 Kb5 54.Bd5 Kb6 55.Bxe4 Kc7 56.f4 
Kd7 57.b5 {I'm off to bed now. I washoping this 
gane would be over by now seeing how much time 
we've played! :)}  1-0

[Event "HCL-C154"]
[Site "www.playchess.de"]
[Date "2001.02.02"]
[Round "1"]
[White "Translightor"]
[Black "rhonda202"]
[WhiteElo "885"]
[BlackElo "944"]
[PlyCount "47"]
[Result "1-0"]

1.e4 {Hello & Good Luck!}  e5 {hi to you and good 
luck, :o)}  2.Nf3 Nc6 {have you been playing on 
this site for while?}  3.Bb5 {I was playing just 
one week before it switched off. What about you?}  
Nge7 {well i've been playing here since july, i 
love it and i'm glad to b back :o)}  4.O-O {I'm 
also playing on itsyourturn, but playchess has 
more charm.}  a6 {i have played @ it's your turn, 
i like it here, the best. :o)}  5.Ba4 b5 6.Bb3 
{itsyourturn is good for the ego, I win many games 
there ;)}  d6 {heeheehee, i did 2, and that's y 
i'm here . i like a good challenge. :o)}  7.c3 
{You want it! You get it!}  b4 {alright, lets 
play,, kool :o)}  8.d4 bxc3 9.bxc3 Na5 10.dxe5 
Nxb3 11.axb3 a5 12.b4 Nc6 {hello}  13.Qd5 {hello 
there}  Ne7 {how are you? :o)}  14.Qxa8 {Fine, 
thanks. And thanks for the rook!}  dxe5 {ahhh 
shoot me,, lol u want my bishop too,, lmao :o)}  
15.Rxa5 {I'm not a "internet junkie". I don't 
understand lol and lmao.}  Qd7 {oh ok chess junkie 
huh,, lol is (laugh out loud)lmao ( laugh my ass 
off, :)}  16.Nxe5 {Ok. lol and lmao is now stored 
in my vocabulary. Chess junkie is correct.}  Qe6 
{lol, ok! :o)}  17.Rd1 {rotfw (rolling on the 
floor winning)}  f6 {oh yeah. lol. roflmao(rolling 
on floor laugh my ass off,).. :o)}  18.Nf3 {tkmgb 
(the knight must go back)}  Nc6 {lol, i see u have 
a good sense of humor, alright,:o)}  19.Ra6 {You 
need it in our modern world, don't you?}  Qb3 
{absolutely, it sure does help. :o)}  20.Qxc8+ 
{URATMOMP (you are attacking too many of my 
pieces!)}  Kf7 {hehhehehehe,  u r killing me, 
lol:o)}  21.Qd7+ {Only virtually!}  Ne7 {oh, ok, 
virtual sux,lmao}  22.Ra8 {Virtual what?}  Qe6 
{sux=sucks,, virually getting my ass kicked, :o)}  
23.Qe8+ {Ok, I've learned a lot about American 
slang. Now you have one more move to teach me the 
rest of it.}  Kg8 {boy u r something, lets play in 
another tournament, good game, mate to me nice:o)} 
 24.Qxf8+ 1-0

[Event "HCL-C154"]
[Site "www.playchess.de"]
[Date "2001.02.02"]
[Round "17"]
[White "rhonda202"]
[Black "Allesnehmer"]
[WhiteElo "944"]
[BlackElo "1380"]
[PlyCount "38"]
[Result "0-1"]

1.e4 {hi, n good luck ! :o)}  e6 {too}  2.e5 d6 
3.Nf3 Nc6 4.d4 dxe5 5.Bg5 f6 6.Bh4 exd4 7.c3 e5 
8.cxd4 Bb4+ 9.Nc3 {hey nice games against 
ben-e-gas, :o)}  exd4 {sorry, but no good english} 
 10.Qe2+ {ok}  Qe7 11.a3 Ba5 12.b4 Nxb4 13.Nxd4 
{:)}  Nd5 14.Qe4 Qxe4+ 15.Kd2 Qxd4+ 16.Bd3 Qxc3+ 
17.Ke2 {:0)}  Nf4+ 18.Ke3 {:)}  Qxd3+ 19.Kxf4 
Bd2+ 0-1

[Event "HCL-B150"]
[Site "www.playchess.de"]
[Date "2001.02.02"]
[Round "21"]
[White "Lostknights"]
[Black "warlock"]
[WhiteElo "1200"]
[BlackElo "1200"]
[PlyCount "28"]
[Result "0-1"]

1.c4 {Good Luck!!}  c5 2.d4 cxd4 3.Qxd4 Nc6 4.Qh4 
Nf6 5.Nf3 e5 6.e4 Be7 7.Be2 Nd5 8.Qg3 Nf6 9.Qxg7 
Rg8 10.Qh6 Rxg2 11.Nh4 Bf8 12.Qe3 Rg8 13.Nc3 Nd4 
14.Nb5 Nc2+ 0-1

[Event "HCL-C158"]
[Site "www.playchess.de"]
[Date "2001.02.02"]
[Round "6"]
[White "Elrond"]
[Black "dg"]
[WhiteElo "1000"]
[BlackElo "1149"]
[PlyCount "49"]
[Result "1-0"]

1.e4 e5 2.f4 exf4 3.Nf3 b6 4.d4 Bb7 5.Nc3 Bb4 
6.Bd3 Qe7 7.O-O Bxc3 8.bxc3 g5 9.Nxg5 Qxg5 10.Bxf4 
Qg7 11.Qh5 Nf6 12.Qf5 Nc6 13.Bxc7 O-O 14.Qxf6 Qg6 
15.Rf3 Qxf6 16.Rxf6 Ne7 17.Bd6 Rfe8 18.Raf1 Nc6 
19.R6xf7 Re6 20.e5 Rg6 21.Bxg6 hxg6 22.Rxd7 Ba6 
23.Rff7 Bc4 24.Rfg7+ {Matt in 3 (1.Tg7+ Kh8 2.Th7+ 
Kg8 3.Tdg7#)}  Kh8 25.Rgh7+ 1-0

[Event "HCL-C158"]
[Site "www.playchess.de"]
[Date "2001.02.02"]
[Round "9"]
[White "Allesnehmer"]
[Black "Elrond"]
[WhiteElo "1849"]
[BlackElo "1000"]
[PlyCount "99"]
[Result "1-0"]

1.e4 c5 2.Nf3 Nc6 3.d4 cxd4 4.Nxd4 Nf6 5.Nc3 d6 
6.Bg5 e6 7.Qd2 h6 8.Bxf6 Qxf6 9.Ndb5 Qd8 10.Rd1 a6 
11.Nxd6+ Bxd6 12.Qxd6 Qxd6 13.Rxd6 Ke7 14.Rd2 Rd8 
15.Be2 Bd7 16.O-O b5 17.Rfd1 Na5 18.e5 Nc4 19.Bxc4 
bxc4 20.Ne4 Bc6 21.R2xd8 Rxd8 22.Rxd8 Kxd8 23.Nd6 
f5 24.Nxc4 Bd5 25.b3 Bxc4 26.bxc4 Kc7 27.Kf1 Kc6 
28.Ke2 g5 29.Kd3 Kc5 30.g3 g4 31.Kc3 h5 {hmm 
doesnt look good. I miscounted move 19 :-(}  32.a3 
{ja, danach wars wohl endgültig aus.}  Kb6 {aber 
gegen 'dg' seh ich besser aus :-)}  33.Kb4 
{stimmt. das wirste gewinnen. nur zieht er nich 
mehr.}  Kc6 {warum nur?}  34.Ka5 {vielleicht weil 
er so schlecht steht.}  Kb7 {warum gibt er dann 
nicht auf?}  35.c5 {vielleicht will er die zeit 
ablaufen lassen.}  Kc6 {und fuer was ist das gut?} 
 36.Kxa6 {damit wir warten müssen auf den 
sieg?!?!}  Kxc5 {ich koennte zwar auch aufgeben 
aber halte die einzige wirklich laufende Partien 
in Bewegung}  37.Kb7 {mit aufgeben hat ja noch 
niemand gewonnen.}  Kd5 {solange ich keine 2 
Partien abgeschlossen habe, darf ich in kein neues 
Turnier}  38.c4+ {ging mir auch so. hab an anfang 
auch immer ungeduldig gewartet}  Ke4 {ok spielen 
wir die bis zum bitteren Ende :-)}  39.c5 {kein 
problem für mich.}  Kf3 {ja leider.}  40.c6 {wie 
wandelt man eigentlich um?}  Kxf2 {keine Ahnung 
vielleicht c7c8B (fuer laeufer) :-).}  41.c7 {bin 
ja mal gespannt. vielleicht bekommt man 
automatisch ne dame?}  Kg2 {who knows?}  42.c8Q 
{%}  Kxh2 43.Qxe6 {man kann sich die figur 
aussuchen bei der umwandlung.}  Kxg3 {aha, mal 
sehen ob ich auch noch umwandeln darf :-).}  
44.Qxf5 {wenn ichs zulassen kann, dann darfst du 
vielleicht.}  h4 {na dann schau'mer mal.}  45.e6 
{wohl nicht. kommst sonst mit schach rein.}  h3 
{stimmt.}  46.Qe5+ {dann erst mal ein schach.}  
Kg2 {tja geht nicht anders}  47.e7 {so. nun is 
kein schach mehr drin mit einzug von dir.}  g3 
{Mit deiner 2ten Dame werde ich  in ein paar 
Zuegen Matt sein. Kommentierst Du Zug 7./19.?}  
48.e8Q {%}  h2 {wie ich nachgeschaut habe ist 7. 
ein klassischer Fehler in dieser Variante von 
Sizilianisch :-(.}  49.Qc6+ {ja h6 ist weniger 
gut. im 19. zug war eigentlich nix.}  Kf2 {ich 
wollte eigentlich nur kurz vor dir in der Tab sein 
:-)}  50.Qc2+ {das haste ja dann geschafft.} 
 1-0

[Event "ACL-A081"]
[Site "www.playchess.de"]
[Date "2001.02.02"]
[Round "6"]
[White "Morpheus"]
[Black "Buziness"]
[WhiteElo "1364"]
[BlackElo "1004"]
[PlyCount "38"]
[Result "0-1"]

1.e4 e6 2.d4 d5 3.Nd2 Nf6 4.e5 Ne4 5.Bd3 f5 6.g3 
Nc6 7.f3 Nxd2 8.Qxd2 Nxd4 9.c3 Nc6 10.Bb5 a6 
11.Bxc6+ bxc6 12.f4 g6 13.Qc2 d4 14.cxd4 Bb4+ 
15.Bd2 Qxd4 16.Bxb4 Qxb4+ 17.Kd1 Qd4+ 18.Qd2 Qe4 
19.Qc2 Qxh1 0-1